Miasta w województwie lubelskim - Statystyki

Ogólne statystyki
  • Ten quiz został rozwiązany 62 razy
  • Średni wynik to 6 z 7
Statystyki odpowiedzi
Miasto Liczba ludności % Poprawnych
Lublin 331 243
100%
Chełm 57 933
91%
Zamość 58 942
91%
Biała Podlaska 54 768
80%
Puławy 44 397
80%
Świdnik 36 992
70%
Kraśnik 31 744
55%
Nie znaleziono quizów pasujących do podanych kryteriów
Rozkład punktacji
Procent ludzi z każdym wynikiem
Percentyl według liczby udzielonych odpowiedzi
Twoja historia wyników
Nie rozwiązałeś tego quizu